[Event "ch-Frankfurt A"]
[Site "Frankfurt"]
[Date "2023.04.24"]
[Round "1"]
[White "Rotermund, Verena"]
[Black "Lenhard, Martin"]
[Result "0-1"]
[WhiteElo "1553"]
[BlackElo "2060"]
[PlyCount "110"]
[EventDate "2023.04.24"]
[EventType "swiss"]
[EventCountry "GER"]

1. e4 e6 2. d4 d5 3. Nc3 Nf6 4. Bg5 Bb4 5. exd5 Qxd5 6. Bxf6 Bxc3+ 7. bxc3 gxf6 8. Qf3 Qxf3 9. Nxf3 b6 10. Nd2 Bb7 11. f3 Nd7 12. Bd3 f5 13. a4 a5 14. Kf2 O-O-O 15. c4 Nf6 16. c3 Rhg8 17. Rhb1 h5 18. c5 Nd5 19. cxb6 cxb6 20. Nc4 Kc7 21. Na3 Bc6 22. Bb5 Bxb5 23. Rxb5 Rb8 24. Rb3 Rgc8 25. Rab1 Kd7 26. Nb5 Rc4 27. Ra3 Rbc8 28. Rc1 Nc7 29. Rb3 Rxa4 30. Na3 Nd5 31. c4 Nb4 32. Rcc3 Rc6 33. f4 Rd6 34. Ke3 Rc6 35. Kf3 Rc8 36. g3 Rh8 37. h4 Kc7 38. Nb5+ Kd7 39. Na3 Rd8 40. Ke2 Kc8 41. Ke3 Kb7 42. c5 Nd5+ 43. Kd3 Nxc3 44. Kxc3 Rb4 45. Nb5 Rxb3+ 46. Kxb3 bxc5 47. dxc5 Kc6 48. Kc4 a4 49. Na7+ Kb7 50. Nb5 Rd1 51. Na3 Rg1 52. Kb5 Rxg3 53. Kxa4 Kc6 54. Nc4 Kxc5 55. Ne5 Rg4 0-1

[Event "ch-Frankfurt A"]
[Site "Frankfurt"]
[Date "2023.04.24"]
[Round "1"]
[White "Rutsatz, Mario"]
[Black "Pishnograev, Ilya"]
[Result "1-0"]
[WhiteElo "1912"]
[BlackElo "1553"]
[PlyCount "75"]
[EventDate "2023.04.24"]
[EventType "swiss"]
[EventCountry "GER"]

1. d4 Nf6 2. c4 e6 3. Nf3 Bb4+ 4. Nbd2 d5 5. g3 dxc4 6. Bg2 Nc6 7. O-O O-O 8. Nxc4 Be7 9. Re1 Bd7 10. e4 b5 11. Ncd2 Re8 12. Nb3 a6 13. a4 b4 14. Bf4 Nh5 15. Be3 f5 16. d5 exd5 17. Qxd5+ Kh8 18. e5 Bf8 19. Ng5 Nxe5 20. Qxa8 Qxa8 21. Bxa8 Rxa8 22. Bc5 Nd3 23. Red1 Nxc5 24. Nxc5 Bxc5 25. Rxd7 Bb6 26. Rad1 c5 27. R1d6 Nf6 28. Rb7 h6 29. Nf7+ Kg8 30. Rdxb6 Nd5 31. Rd6 Nc3 32. Nxh6+ gxh6 33. Rg6+ Kh8 34. Rxh6+ Kg8 35. Rg6+ Kh8 36. bxc3 bxc3 37. Rc6 Rd8 38. Rxc5 1-0

[Event "ch-Frankfurt A"]
[Site "Frankfurt"]
[Date "2023.04.24"]
[Round "1"]
[White "Schulze, Manfred"]
[Black "Neukirchner, Pascal"]
[Result "0-1"]
[WhiteElo "1887"]
[BlackElo "2300"]
[PlyCount "72"]
[EventDate "2023.04.24"]
[EventType "swiss"]
[EventCountry "GER"]

1. e4 c5 2. Nf3 g6 3. d4 cxd4 4. Nxd4 Nf6 5. Nc3 d6 6. Bg5 Bg7 7. Qd2 O-O 8. Bh6 Nc6 9. Bxg7 Kxg7 10. O-O-O Nxd4 11. Qxd4 Be6 12. Bc4 Bxc4 13. Qxc4 Qa5 14. f3 Rfc8 15. Qb5 Qxb5 16. Nxb5 Rc5 17. Nc3 Rac8 18. Rd2 h5 19. Rhd1 h4 20. Kb1 g5 21. Ne2 e6 22. Rxd6 Rxc2 23. R6d2 R2c7 24. h3 Nh5 25. Rd8 Rxd8 26. Rxd8 Kf6 27. Rd2 Ke5 28. b3 Ng3 29. Nxg3 hxg3 30. Kb2 Kf4 31. Re2 f6 32. Kb1 Rc3 33. Rb2 Rxf3 34. gxf3 Kxf3 35. e5 f5 36. Rc2 g2 0-1

[Event "ch-Frankfurt A"]
[Site "Frankfurt"]
[Date "2023.04.24"]
[Round "1"]
[White "Sonntag, Chris"]
[Black "Diehl, Stefan"]
[Result "0-1"]
[WhiteElo "1142"]
[BlackElo "1784"]
[PlyCount "72"]
[EventDate "2023.04.24"]
[EventType "swiss"]
[EventCountry "GER"]

1. d4 f5 2. Nc3 Nf6 3. Bf4 e6 4. e3 b6 5. Nf3 Bb7 6. Bc4 d5 7. Bb5+ c6 8. Be2 Bd6 9. Ng5 Qe7 10. Bh5+ g6 11. Be2 Nbd7 12. Nf3 Ne4 13. Nxe4 Bxf4 14. Ned2 Bc7 15. c3 c5 16. dxc5 bxc5 17. h4 Bc6 18. Ng5 h6 19. Ngf3 Rb8 20. b3 e5 21. g3 O-O 22. O-O Rbe8 23. Qc2 Qf6 24. Nh2 e4 25. Rad1 Kg7 26. Nb1 Qe5 27. Rfe1 Nf6 28. Na3 Rd8 29. Nb5 Bb8 30. a4 g5 31. h5 f4 32. exf4 gxf4 33. g4 Qg5 34. b4 f3 35. bxc5 Bxh2+ 36. Kxh2 Qh4+ 0-1

[Event "ch-Frankfurt A"]
[Site "Frankfurt"]
[Date "2023.04.24"]
[Round "1"]
[White "Stulken, Dietmar"]
[Black "Bittner, Peter"]
[Result "0-1"]
[WhiteElo "1323"]
[BlackElo "1852"]
[PlyCount "74"]
[EventDate "2023.04.24"]
[EventType "swiss"]
[EventCountry "GER"]

1. d4 Nf6 2. c4 e6 3. Nf3 d5 4. cxd5 exd5 5. Bg5 Be7 6. e3 c6 7. Bd3 O-O 8. O-O Ne4 9. Bxe7 Qxe7 10. Nfd2 f5 11. f3 Nd6 12. Re1 Qf6 13. Nf1 Be6 14. Nc3 Nd7 15. Ne2 Rae8 16. Rc1 g5 17. Kh1 Re7 18. Ng1 Rg7 19. Rc2 Bf7 20. Rf2 Kh8 21. Qd2 f4 22. Bb1 Nc4 23. Qc3 fxe3 24. Nxe3 g4 25. Nf5 Rg5 26. f4 Rxf5 27. Bxf5 Qxf5 28. Qc2 Qh5 29. g3 Bg6 30. f5 Bxf5 31. Rxf5 Qxf5 32. Qxf5 Rxf5 33. Re7 Ncb6 34. a4 Nf8 35. b3 Nbd7 36. Re8 Rf1 37. Re3 Rd1 0-1

[Event "ch-Frankfurt A"]
[Site "Frankfurt"]
[Date "2023.04.24"]
[Round "1"]
[White "Uwira, Oliver"]
[Black "Zeyen, Helmut"]
[Result "1-0"]
[WhiteElo "2166"]
[BlackElo "1799"]
[PlyCount "41"]
[EventDate "2023.04.24"]
[EventType "swiss"]
[EventCountry "GER"]

1. d4 d5 2. c4 Nc6 3. Nc3 e5 4. dxe5 d4 5. Nd5 Nxe5 6. Qxd4 Bb4+ 7. Kd1 f6 8. f4 Nc6 9. Qd3 Nge7 10. Nxb4 Nxb4 11. Qxd8+ Kxd8 12. a3 Nbc6 13. e3 Na5 14. Kc2 Bf5+ 15. Kc3 b5 16. b3 c5 17. Nf3 Kc7 18. Nd2 Rhd8 19. e4 b4+ 20. axb4 cxb4+ 21. Kb2 1-0

[Event "ch-Frankfurt A"]
[Site "Frankfurt"]
[Date "2023.04.24"]
[Round "1"]
[White "van den Borg, Christiane"]
[Black "Erdmann, Stefan"]
[Result "0-1"]
[WhiteElo "1693"]
[BlackElo "2127"]
[PlyCount "74"]
[EventDate "2023.04.24"]
[EventType "swiss"]
[EventCountry "GER"]

1. d4 d5 2. c4 c6 3. Nc3 Nf6 4. cxd5 cxd5 5. Nf3 Nc6 6. Bg5 Ne4 7. Bf4 Nxc3 8. bxc3 g6 9. e3 Bg7 10. Be2 O-O 11. O-O b6 12. c4 Bb7 13. cxd5 Qxd5 14. Qb3 Na5 15. Qxd5 Bxd5 16. Ne5 Rac8 17. Ba6 Rc2 18. Rfc1 Rxa2 19. Rxa2 Bxa2 20. Rc7 Rd8 21. Rxe7 Bxe5 22. Rxe5 Nc6 23. Rb5 Bc4 24. Rxb6 axb6 25. Bxc4 Nxd4 26. Kf1 Ne6 27. Be5 b5 28. Be2 b4 29. Ke1 Kf8 30. f4 Ke7 31. g4 f6 32. Bb2 Nc5 33. Bd4 Nb3 34. Bb6 Rb8 35. Ba7 Rb7 36. Bd4 Nxd4 37. exd4 b3 0-1

[Event "ch-Frankfurt A"]
[Site "Frankfurt"]
[Date "2023.04.24"]
[Round "1"]
[White "Vihan, Shourya"]
[Black "Lee, Kwan Ho Matthew"]
[Result "1-0"]
[WhiteElo "1907"]
[BlackElo "1597"]
[PlyCount "69"]
[EventDate "2023.04.24"]
[EventType "swiss"]
[EventCountry "GER"]

1. d4 Nf6 2. c4 e6 3. Nc3 Bb4 4. Qc2 d5 5. cxd5 Bxc3+ 6. bxc3 exd5 7. Ba3 Ne4 8. e3 Qf6 9. Bd3 Bf5 10. Nf3 Nd6 11. Bxf5 Qxf5 12. Qxf5 Nxf5 13. O-O Nd7 14. Rfe1 Nf6 15. Rab1 Rb8 16. Ne5 b5 17. f3 Nd6 18. Bxd6 cxd6 19. Nd3 O-O 20. Rb3 Rb6 21. Reb1 Rfb8 22. h4 h5 23. Nf4 g6 24. Kf2 Kg7 25. Ke2 Kh6 26. g4 hxg4 27. fxg4 g5 28. hxg5+ Kxg5 29. Kf3 a6 30. Rh1 Rc6 31. Nxd5 Nxd5 32. Rh5+ Kf6 33. Rxd5 Ke6 34. Rh5 Rbc8 35. d5+ 1-0

[Event "ch-Frankfurt A"]
[Site "Frankfurt"]
[Date "2023.04.24"]
[Round "1"]
[White "Vollbracht, Henrik"]
[Black "Zimmer, Gerald"]
[Result "0-1"]
[WhiteElo "1488"]
[BlackElo "1915"]
[PlyCount "78"]
[EventDate "2023.04.24"]
[EventType "swiss"]
[EventCountry "GER"]

1. d4 e6 2. Bf4 Nf6 3. e3 c5 4. Nc3 a6 5. dxc5 Bxc5 6. Bd3 Nc6 7. a3 b5 8. Bg5 d5 9. Nf3 e5 10. Bxf6 gxf6 11. e4 d4 12. Ne2 Ne7 13. Qd2 h5 14. Nh4 Be6 15. Ng3 Ng6 16. Ngf5 Nxh4 17. Nxh4 Kd7 18. f3 Qg8 19. Qe2 Kc6 20. a4 Kb6 21. Qd2 Qg5 22. g3 Qxd2+ 23. Kxd2 b4 24. b3 Rac8 25. Rhf1 Bf8 26. Ng2 Bh6+ 27. Ke2 Rc3 28. Rab1 Rhc8 29. Ne1 Bh3 30. Rh1 Be3 31. Bc4 Be6 32. Bxe6 fxe6 33. Rb2 Bc1 34. Ra2 Be3 35. Ng2 Rxc2+ 36. Rxc2 Rxc2+ 37. Kf1 Rf2+ 38. Kg1 Rxf3+ 39. Nxe3 Rxe3 0-1

[Event "ch-Frankfurt A"]
[Site "Frankfurt"]
[Date "2023.04.24"]
[Round "1"]
[White "Wachsmann, Dietmar"]
[Black "Rohatgi, Kushagra"]
[Result "1-0"]
[WhiteElo "1981"]
[BlackElo "1664"]
[PlyCount "95"]
[EventDate "2023.04.24"]
[EventType "swiss"]
[EventCountry "GER"]

1. e4 e5 2. f4 d6 3. Nc3 Nf6 4. Nf3 Nc6 5. Bb5 Bg4 6. h3 Bxf3 7. Qxf3 a6 8. Ba4 Be7 9. d3 b5 10. Bb3 Nd4 11. Qf2 Nxb3 12. axb3 Nh5 13. O-O Bh4 14. Qf3 Ng3 15. Rd1 O-O 16. f5 c6 17. Be3 Qf6 18. Bf2 Qg5 19. Kh2 Nh5 20. g3 Bxg3+ 21. Bxg3 Nxg3 22. Qxg3 Qf6 23. Rg1 Rfd8 24. Qg5 Qxg5 25. Rxg5 f6 26. Rg2 Rd7 27. b4 Raa7 28. Kg1 Kf8 29. Kf2 Rf7 30. Ne2 Ke7 31. Nc1 Kf8 32. Nb3 Rfc7 33. Ke2 Kg8 34. d4 Rf7 35. Kf3 h5 36. dxe5 fxe5 37. Rg6 d5 38. Rxc6 dxe4+ 39. Kxe4 Rfc7 40. Raxa6 Rxa6 41. Rxc7 Ra2 42. Nc5 Rxb2 43. Ne6 Rxb4+ 44. Kxe5 Rh4 45. Nf4 b4 46. Ng6 Rxh3 47. Rc8+ Kf7 48. Rf8# 1-0